[Event "7th Iberoamerican-ch 2019"]
[Site "Linares"]
[Date "2019.08.16"]
[Round "7.9"]
[White "Lopez Martinez, Josep Manuel"]
[Black "Fluvia Poyatos, Jordi"]
[Result "1-0"]
[WhiteElo "2581"]
[BlackElo "2455"]
[Annotator "ChessBase"]
[PlyCount "89"]
[EventDate "2019.08.10"]
[EventType "swiss"]
[EventCountry "ESP"]
[SourceTitle "playchess.com"]
[Source "ChessBase"]
[SourceQuality "1"]
[TimeControl "5400+30"]

1. d4 {[%emt 0:00:00]} Nf6 {[%emt 0:00:12]} 2. c4 {[%emt 0:00:02]} g6 {[%emt 0:00:20]} 3. f3 {[%emt 0:00:34]} Nc6 {[%emt 0:02:50]} 4. d5 {[%emt 0:00:34]} Ne5 {[%emt 0:01:42]} 5. e4 {[%emt 0:00:59]} d6 {[%emt 0:00:43]} 6. Nc3 {[%emt 0:00:34]} Bg7 {[%emt 0:01:05]} 7. f4 {[%emt 0:00:48]} Ned7 {[%emt 0:02:04]} 8. Nh3 {[%emt 0:00:43]} O-O {[%emt 0:04:26]} 9. Be3 {[%emt 0:01:45]} e6 {[%emt 0:10:56]} 10. dxe6 {[%emt 0:01:32]} fxe6 {[%emt 0:00:09]} 11. Be2 {[%emt 0:01:58]} b6 {[%emt 0:03:25]} 12. Qc2 {[%emt 0:00:37]} Bb7 {[%emt 0:00:45]} 13. O-O {[%emt 0:06:26]} Qe7 {[%emt 0:03:06]} 14. Rad1 {[%emt 0:01:49]} Rae8 {[%emt 0:02:53]} 15. Nf2 {[%emt 0:04:34]} Nh5 {[%emt 0:09:11]} 16. g3 {[%emt 0:08:07]} Bh6 {[%emt 0:02:13]} 17. Qd2 {[%emt 0:03:55]} Rd8 {[%emt 0:10:54]} 18. Bf3 {[%emt 0:05:56]} Nhf6 {[%emt 0:13:02]} 19. Bg2 {[%emt 0:01:44]} Ba8 {[%emt 0:05:37]} 20. Qe2 {[%emt 0:00:49]} Bg7 {[%emt 0:03:58]} 21. Nb5 {[%emt 0:02:29]} e5 {[%emt 0:09:08]} 22. Nxc7 {[%emt 0:02:05]} exf4 {[%emt 0:00:06]} 23. Bxf4 {[%emt 0:00:09]} Ne5 {[%emt 0:00:19]} 24. Nd5 {[%emt 0:01:55]} Bxd5 {[%emt 0:00:47]} 25. exd5 {[%emt 0:00:20]} Nfd7 {[%emt 0:00:27]} 26. Ne4 {[%emt 0:01:41]} h6 {[%emt 0:00:29]} 27. Bh3 {[%emt 0:00:36]} Nc5 {[%emt 0:01:01]} 28. Nxc5 {[%emt 0:04:07]} bxc5 {[%emt 0:00:06]} 29. Be6+ {[%emt 0:00:11]} Kh7 {[%emt 0:02:09]} 30. Qe4 {[%emt 0:01:15]} Kh8 {[%emt 0:03:01]} 31. b4 {[%emt 0:05:57]} Qc7 {[%emt 0:03:11]} 32. b5 {[%emt 0:01:23]} Qe7 {[%emt 0:02:24]} 33. Bxe5 {[%emt 0:02:08]} Bxe5 {[%emt 0:00:15]} 34. Qxg6 {[%emt 0:00:09]} Qg7 {[%emt 0:00:40]} 35. Qxg7+ {[%emt 0:05:44]} Kxg7 {[%emt 0:00:04]} 36. Rd3 {[%emt 0:01:58]} Bd4+ {[%emt 0:02:11]} 37. Kg2 {[%emt 0:00:09]} Rxf1 {[%emt 0:00:02]} 38. Kxf1 {[%emt 0:00:07]} Rf8+ {[%emt 0:00:02]} 39. Ke1 {[%emt 0:00:09]} Bb2 {[%emt 0:02:17]} 40. Rb3 {[%emt 0:00:34]} Bc1 {[%emt 0:00:07]} 41. a4 {[%emt 0:00:14]} Rb8 {[%emt 0:01:36]} 42. a5 {[%emt 0:01:06]} Bg5 {[%emt 0:00:21]} 43. Rf3 {[%emt 0:01:14]} Rb7 {[%emt 0:00:40]} 44. a6 {[%emt 0:01:26]} Rc7 {[%emt 0:00:32]} 45. b6 {[%emt 0:00:27]} 1-0

[Event "7th Iberoamerican-ch 2019"]
[Site "Linares"]
[Date "2019.08.16"]
[Round "7.10"]
[White "Ladron De Guevara Pinto, Paolo"]
[Black "Vazquez Igarza, Renier"]
[Result "1/2-1/2"]
[WhiteElo "2431"]
[BlackElo "2570"]
[Annotator "TA"]
[PlyCount "41"]
[EventDate "2019.08.10"]
[EventType "swiss"]
[EventCountry "ESP"]
[SourceTitle "playchess.com"]
[Source "ChessBase"]
[SourceQuality "1"]

{[%evp 24,31,18,23,25,18,17,20,16,20]} 1. d4 Nf6 2. c4 e6 3. Nf3 d5 4. Nc3 c6 5. Bg5 h6 6. Bxf6 Qxf6 7. e3 Nd7 8. Bd3 g6 9. O-O Bg7 10. e4 dxc4 11. Bxc4 e5 12. d5 Nb6 13. Bb3 Bg4 {D43: Semi-Slav: 5 Bg5 h6} 14. h3 Bxf3 15. Qxf3 Qxf3 16. gxf3 {[#]} {Predecessor:} Ke7 $146 17. dxc6 bxc6 18. Rfc1 Rhd8 19. Na4 Rac8 20. Rc3 Nxa4 21. Bxa4 {½-½ (29) Rychagov,A (2557)-Bareev,E (2653) Krasnoyarsk 2007} 1/2-1/2

[Event "7th Iberoamerican-ch 2019"]
[Site "Linares"]
[Date "2019.08.16"]
[Round "7.11"]
[White "Salinas Herrera, Pablo"]
[Black "Teran Alvarez, Ismael"]
[Result "1-0"]
[WhiteElo "2506"]
[BlackElo "2392"]
[Annotator "ChessBase"]
[PlyCount "71"]
[EventDate "2019.08.10"]
[EventType "swiss"]
[EventCountry "ESP"]
[SourceTitle "playchess.com"]
[Source "ChessBase"]
[SourceQuality "1"]
[TimeControl "5400+30"]

1. Nf3 {[%emt 0:00:43]} Nf6 {[%emt 0:00:09]} 2. d4 {[%emt 0:00:08]} d5 {[%emt 0:00:44]} 3. c4 {[%emt 0:03:33]} e6 {[%emt 0:00:09]} 4. Nc3 {[%emt 0:03:32]} Be7 {[%emt 0:00:41]} 5. Bf4 {[%emt 0:02:19]} O-O {[%emt 0:01:11]} 6. e3 {[%emt 0:00:04]} Nbd7 {[%emt 0:01:30]} 7. c5 {[%emt 0:04:44]} Nh5 {[%emt 0:00:44]} 8. Bd3 {[%emt 0:02:59]} Nxf4 {[%emt 0:01:08]} 9. exf4 {[%emt 0:00:07]} b6 {[%emt 0:01:15]} 10. b4 {[%emt 0:04:07]} a5 {[%emt 0:00:22]} 11. a3 {[%emt 0:00:03]} c6 {[%emt 0:01:01]} 12. O-O {[%emt 0:00:43]} Qc7 {[%emt 0:00:33]} 13. g3 {[%emt 0:03:44]} Ba6 {[%emt 0:00:56]} 14. Re1 {[%emt 0:12:49]} Bxd3 {[%emt 0:23:06]} 15. Qxd3 {[%emt 0:00:09]} Ra7 {[%emt 0:07:01]} 16. Rac1 {[%emt 0:15:44]} axb4 {[%emt 0:02:26]} 17. axb4 {[%emt 0:00:06]} Bf6 {[%emt 0:17:22]} 18. Nd1 {[%emt 0:06:20]} bxc5 {[%emt 0:06:32]} 19. bxc5 {[%emt 0:00:10]} Rfa8 {[%emt 0:00:18]} 20. Ne3 {[%emt 0:00:12]} Ra3 {[%emt 0:00:37]} 21. Qe2 {[%emt 0:04:19]} Ra2 {[%emt 0:06:32]} 22. Rc2 {[%emt 0:01:28]} R2a4 {[%emt 0:01:56]} 23. Rd1 {[%emt 0:00:12]} g6 {[%emt 0:04:06]} 24. Ng4 {[%emt 0:00:06]} Bg7 {[%emt 0:00:07]} 25. Nge5 {[%emt 0:00:02]} f6 {[%emt 0:07:37]} 26. Nd3 {[%emt 0:05:35]} Re8 {[%emt 0:00:54]} 27. Ra2 {[%emt 0:00:35]} Qa5 {[%emt 0:03:41]} 28. Rda1 {[%emt 0:00:32]} Rxa2 {[%emt 0:00:04]} 29. Rxa2 {[%emt 0:00:03]} Qb5 {[%emt 0:00:06]} 30. Ra7 {[%emt 0:00:44]} Re7 {[%emt 0:01:47]} 31. h4 {[%emt 0:03:05]} Kf7 {[%emt 0:01:22]} 32. h5 {[%emt 0:00:50]} Nf8 {[%emt 0:02:00]} 33. Nde5+ {[%emt 0:03:13]} fxe5 {[%emt 0:01:18]} 34. Ng5+ {[%emt 0:00:04]} Ke8 {[%emt 0:00:38]} 35. Ra8+ {[%emt 0:00:04]} Kd7 {[%emt 0:00:30]} 36. Qa2 {[%emt 0:00:05]} 1-0

[Event "7th Iberoamerican-ch 2019"]
[Site "Linares"]
[Date "2019.08.16"]
[Round "7.12"]
[White "Merario Alarcon, Andres"]
[Black "Matamoros Franco, Carlos S."]
[Result "1/2-1/2"]
[WhiteElo "2392"]
[BlackElo "2498"]
[Annotator "ChessBase"]
[PlyCount "57"]
[EventDate "2019.08.10"]
[EventType "swiss"]
[EventCountry "ESP"]
[SourceTitle "playchess.com"]
[Source "ChessBase"]
[SourceQuality "1"]
[TimeControl "5400+30"]

1. d4 {[%emt 0:02:17]} Nf6 {[%emt 0:00:00]} 2. c4 {[%emt 0:00:04]} e6 {[%emt 0:00:00]} 3. Nf3 {[%emt 0:00:15]} d5 {[%emt 0:00:14]} 4. Nc3 {[%emt 0:00:09]} Be7 {[%emt 0:00:12]} 5. Bf4 {[%emt 0:00:12]} O-O {[%emt 0:00:15]} 6. e3 {[%emt 0:00:05]} b6 {[%emt 0:00:29]} 7. Be2 {[%emt 0:00:06]} dxc4 {[%emt 0:00:48]} 8. Bxc4 {[%emt 0:00:09]} Ba6 {[%emt 0:00:12]} 9. Bxa6 {[%emt 0:00:18]} Nxa6 {[%emt 0:00:05]} 10. Qe2 {[%emt 0:00:16]} Qc8 {[%emt 0:00:43]} 11. e4 {[%emt 0:00:11]} c5 {[%emt 0:02:18]} 12. O-O {[%emt 0:00:25]} Re8 {[%emt 0:06:22]} 13. Rfd1 {[%emt 0:05:04]} Qb7 {[%emt 0:14:22]} 14. Bg5 {[%emt 0:02:57]} cxd4 {[%emt 0:28:48]} 15. Nxd4 {[%emt 0:03:01]} Nc5 {[%emt 0:02:41]} 16. f3 {[%emt 0:09:41]} a6 {[%emt 0:01:04]} 17. b4 {[%emt 0:16:21]} Ncd7 {[%emt 0:01:15]} 18. b5 {[%emt 0:00:31]} h6 {[%emt 0:21:39]} 19. Be3 {[%emt 0:04:56]} axb5 {[%emt 0:03:28]} 20. Ndxb5 {[%emt 0:01:07]} Rec8 {[%emt 0:00:50]} 21. Bd4 {[%emt 0:07:03]} Rc6 {[%emt 0:01:54]} 22. e5 {[%emt 0:05:33]} Ne8 {[%emt 0:00:02]} 23. Ne4 {[%emt 0:05:17]} Nc5 {[%emt 0:05:42]} 24. Bxc5 {[%emt 0:06:29]} bxc5 {[%emt 0:01:26]} 25. Qc4 {[%emt 0:01:25]} Rca6 {[%emt 0:01:02]} 26. a4 {[%emt 0:01:10]} Qc6 {[%emt 0:00:51]} 27. f4 {[%emt 0:04:01]} Nc7 {[%emt 0:01:11]} 28. Nec3 {[%emt 0:00:59]} Nd5 29. Nxd5 {[%emt 0:08:24]} 1/2-1/2

[Event "7th Iberoamerican-ch 2019"]
[Site "Linares"]
[Date "2019.08.16"]
[Round "7.13"]
[White "Moreno Ruiz, Javier"]
[Black "Plazuelo Pascual, Juan"]
[Result "1/2-1/2"]
[WhiteElo "2473"]
[BlackElo "2411"]
[Annotator "ChessBase"]
[PlyCount "62"]
[EventDate "2019.08.10"]
[EventType "swiss"]
[EventCountry "ESP"]
[SourceTitle "playchess.com"]
[Source "ChessBase"]
[SourceQuality "1"]
[TimeControl "5400+30"]

1. d4 {[%emt 0:00:11]} d5 {[%emt 0:00:00]} 2. c4 {[%emt 0:00:16]} e6 {[%emt 0:00:00]} 3. Nc3 {[%emt 0:00:12]} Nf6 {[%emt 0:00:08]} 4. cxd5 {[%emt 0:00:10]} exd5 {[%emt 0:00:23]} 5. Bg5 {[%emt 0:00:14]} c6 {[%emt 0:00:25]} 6. Qc2 {[%emt 0:00:50]} h6 {[%emt 0:02:21]} 7. Bh4 {[%emt 0:00:29]} Be6 {[%emt 0:00:12]} 8. e3 {[%emt 0:00:26]} Nbd7 {[%emt 0:00:22]} 9. Bd3 {[%emt 0:02:13]} g5 {[%emt 0:00:27]} 10. Bg3 {[%emt 0:00:34]} Nh5 {[%emt 0:00:14]} 11. Nf3 {[%emt 0:01:12]} Nxg3 {[%emt 0:01:50]} 12. hxg3 {[%emt 0:01:02]} Bg7 {[%emt 0:03:12]} 13. O-O {[%emt 0:10:13]} Qe7 {[%emt 0:30:58]} 14. e4 {[%emt 0:07:55]} dxe4 {[%emt 0:03:26]} 15. Bxe4 {[%emt 0:00:07]} g4 {[%emt 0:13:01]} 16. Nh4 {[%emt 0:09:09]} Bxd4 {[%emt 0:03:21]} 17. Nf5 {[%emt 0:32:38]} Qc5 {[%emt 0:02:17]} 18. Rfd1 {[%emt 0:00:16]} Be5 {[%emt 0:01:10]} 19. Rac1 {[%emt 0:00:11]} O-O-O {[%emt 0:05:20]} 20. Qe2 {[%emt 0:14:21]} Kb8 {[%emt 0:01:58]} 21. Nd5 {[%emt 0:01:36]} Qb5 {[%emt 0:03:53]} 22. Qxb5 {[%emt 0:00:51]} cxb5 {[%emt 0:00:03]} 23. b3 {[%emt 0:00:40]} h5 {[%emt 0:04:21]} 24. Nfe3 Rc8 {[%emt 0:08:05]} 25. Bf5 {[%emt 0:06:46]} Rxc1 {[%emt 0:00:59]} 26. Rxc1 {[%emt 0:00:02]} Rc8 {[%emt 0:00:18]} 27. Rd1 {[%emt 0:01:21]} Nf8 {[%emt 0:04:02]} 28. Nf4 {[%emt 0:03:15]} Bxf4 {[%emt 0:05:03]} 29. gxf4 {[%emt 0:00:02]} a6 {[%emt 0:01:06]} 30. g3 {[%emt 0:00:20]} Re8 {[%emt 0:01:34]} 31. Bxe6 {[%emt 0:00:35]} fxe6 {[%emt 0:00:07]} 1/2-1/2

[Event "7th Iberoamerican-ch 2019"]
[Site "Linares"]
[Date "2019.08.16"]
[Round "7.14"]
[White "Cruz, Cristhian"]
[Black "Lianes Garcia, Marcos"]
[Result "1-0"]
[WhiteElo "2559"]
[BlackElo "2347"]
[Annotator "ChessBase"]
[PlyCount "73"]
[EventDate "2019.08.10"]
[EventType "swiss"]
[EventCountry "ESP"]
[SourceTitle "playchess.com"]
[Source "ChessBase"]
[SourceQuality "1"]
[TimeControl "5400+30"]

1. g3 {[%emt 0:02:11]} e5 {[%emt 0:02:30]} 2. c4 {[%emt 0:00:17]} Nf6 {[%emt 0:01:06]} 3. Bg2 {[%emt 0:00:11]} c6 {[%emt 0:00:21]} 4. d4 {[%emt 0:00:21]} e4 {[%emt 0:01:58]} 5. Nc3 {[%emt 0:00:06]} d5 {[%emt 0:00:23]} 6. Bg5 {[%emt 0:00:27]} Bb4 {[%emt 0:03:37]} 7. cxd5 {[%emt 0:01:15]} cxd5 {[%emt 0:00:52]} 8. Rc1 {[%emt 0:00:17]} Nc6 {[%emt 0:12:17]} 9. Nh3 {[%emt 0:01:57]} h6 {[%emt 0:12:19]} 10. Bxf6 {[%emt 0:00:10]} Qxf6 {[%emt 0:00:13]} 11. Nf4 {[%emt 0:03:33]} Be6 {[%emt 0:02:22]} 12. O-O {[%emt 0:01:16]} Bxc3 {[%emt 0:02:07]} 13. bxc3 {[%emt 0:00:45]} g5 {[%emt 0:14:33]} 14. Nxe6 {[%emt 0:00:45]} Qxe6 {[%emt 0:00:03]} 15. c4 {[%emt 0:09:47]} O-O-O {[%emt 0:06:10]} 16. cxd5 {[%emt 0:02:41]} Rxd5 {[%emt 0:03:16]} 17. e3 {[%emt 0:04:34]} g4 {[%emt 0:03:13]} 18. Qb3 {[%emt 0:02:42]} Re8 {[%emt 0:03:58]} 19. Rc3 {[%emt 0:02:09]} Kb8 {[%emt 0:05:12]} 20. Rb1 {[%emt 0:05:29]} Na5 {[%emt 0:00:48]} 21. Qc2 {[%emt 0:01:05]} f5 {[%emt 0:02:11]} 22. Rc1 {[%emt 0:04:50]} Nc6 {[%emt 0:09:32]} 23. Bf1 {[%emt 0:01:15]} Ra5 {[%emt 0:00:19]} 24. Qb1 {[%emt 0:04:13]} Rc8 {[%emt 0:03:49]} 25. Bb5 {[%emt 0:02:33]} Ka8 {[%emt 0:06:51]} 26. a4 {[%emt 0:00:53]} Rb8 {[%emt 0:01:05]} 27. Rc5 {[%emt 0:06:34]} Ne7 {[%emt 0:00:59]} 28. Qb4 {[%emt 0:10:39]} Qb6 {[%emt 0:00:09]} 29. Re5 {[%emt 0:07:44]} Nc6 {[%emt 0:00:14]} 30. Rxc6 {[%emt 0:00:40]} bxc6 {[%emt 0:00:20]} 31. Qxa5 {[%emt 0:00:05]} cxb5 {[%emt 0:00:57]} 32. Rxb5 {[%emt 0:00:34]} Qc6 {[%emt 0:00:44]} 33. Rxf5 {[%emt 0:00:44]} Rb1+ {[%emt 0:00:50]} 34. Kg2 {[%emt 0:00:05]} Qc1 {[%emt 0:00:19]} 35. Qd5+ {[%emt 0:00:55]} Kb8 {[%emt 0:00:04]} 36. Rf8+ {[%emt 0:00:36]} Kc7 {[%emt 0:00:07]} 37. Rf7+ {[%emt 0:00:07]} 1-0

[Event "7th Iberoamerican-ch 2019"]
[Site "Linares"]
[Date "2019.08.16"]
[Round "7.15"]
[White "Matnadze, Ana"]
[Black "Fier, Alexandr"]
[Result "1/2-1/2"]
[WhiteElo "2363"]
[BlackElo "2558"]
[Annotator "ChessBase"]
[PlyCount "61"]
[EventDate "2019.08.10"]
[EventType "swiss"]
[EventCountry "ESP"]
[SourceTitle "playchess.com"]
[Source "ChessBase"]
[SourceQuality "1"]
[TimeControl "5400+30"]

1. d4 {[%emt 0:00:00]} Nf6 {[%emt 0:00:00]} 2. Nf3 {[%emt 0:00:00]} g6 {[%emt 0:00:00]} 3. g3 {[%emt 0:00:00]} Bg7 {[%emt 0:00:00]} 4. Bg2 {[%emt 0:00:00]} O-O {[%emt 0:00:00]} 5. O-O {[%emt 0:00:03]} d5 {[%emt 0:00:00]} 6. c4 {[%emt 0:00:45]} dxc4 {[%emt 0:00:00]} 7. Na3 {[%emt 0:00:04]} c3 {[%emt 0:00:00]} 8. bxc3 {[%emt 0:00:05]} c5 {[%emt 0:00:03]} 9. e3 {[%emt 0:00:08]} Nc6 {[%emt 0:00:03]} 10. Qe2 {[%emt 0:00:33]} Bf5 {[%emt 0:00:05]} 11. Rd1 {[%emt 0:00:46]} Qb6 {[%emt 0:00:05]} 12. Nc4 {[%emt 0:02:12]} Qa6 {[%emt 0:00:05]} 13. Bf1 {[%emt 0:00:31]} Rfd8 {[%emt 0:02:16]} 14. a4 {[%emt 0:03:41]} cxd4 {[%emt 0:10:01]} 15. exd4 {[%emt 0:02:44]} Be6 {[%emt 0:02:32]} 16. Ba3 {[%emt 0:04:47]} Nd5 {[%emt 0:06:19]} 17. Qe1 {[%emt 0:10:34]} Bh3 {[%emt 0:08:27]} 18. Be2 {[%emt 0:06:11]} b6 {[%emt 0:12:37]} 19. Nd6 {[%emt 0:06:39]} Qa5 {[%emt 0:00:04]} 20. Nxf7 {[%emt 0:11:03]} Kxf7 {[%emt 0:00:32]} 21. Ng5+ {[%emt 0:00:06]} Kg8 {[%emt 0:04:11]} 22. Nxh3 {[%emt 0:00:13]} Qxc3 {[%emt 0:00:42]} 23. Qxc3 {[%emt 0:04:55]} Nxc3 {[%emt 0:00:03]} 24. Bc4+ {[%emt 0:00:05]} Kh8 {[%emt 0:00:06]} 25. Ng5 {[%emt 0:01:26]} Rxd4 {[%emt 0:00:26]} 26. Nf7+ {[%emt 0:02:17]} Kg8 {[%emt 0:00:05]} 27. Rxd4 {[%emt 0:00:56]} Nxd4 {[%emt 0:00:08]} 28. Ng5+ {[%emt 0:17:30]} Kh8 {[%emt 0:00:26]} 29. Nf7+ {[%emt 0:00:05]} Kg8 {[%emt 0:00:02]} 30. Ng5+ {[%emt 0:00:04]} Kh8 {[%emt 0:00:04]} 31. Nf7+ {[%emt 0:00:05]} 1/2-1/2

[Event "7th Iberoamerican-ch 2019"]
[Site "Linares"]
[Date "2019.08.16"]
[Round "7.16"]
[White "Martinez Duany, Lelys Stanley"]
[Black "Domingo Nunez, Ruben"]
[Result "1-0"]
[WhiteElo "2526"]
[BlackElo "2345"]
[Annotator "ChessBase"]
[PlyCount "101"]
[EventDate "2019.08.10"]
[EventType "swiss"]
[EventCountry "ESP"]
[SourceTitle "playchess.com"]
[Source "ChessBase"]
[SourceQuality "1"]
[TimeControl "5400+30"]

1. e4 {[%emt 0:00:00]} c6 {[%emt 0:00:04]} 2. d3 {[%emt 0:00:32]} g6 {[%emt 0:04:11]} 3. Nf3 {[%emt 0:00:27]} Bg7 {[%emt 0:00:43]} 4. g3 {[%emt 0:00:14]} d5 {[%emt 0:02:45]} 5. Nbd2 {[%emt 0:00:09]} e5 {[%emt 0:06:08]} 6. Bg2 {[%emt 0:00:07]} Ne7 {[%emt 0:01:25]} 7. O-O {[%emt 0:00:09]} O-O {[%emt 0:00:32]} 8. Re1 {[%emt 0:03:11]} Qc7 {[%emt 0:12:45]} 9. Qe2 {[%emt 0:06:59]} Nd7 {[%emt 0:12:23]} 10. b3 {[%emt 0:01:23]} d4 {[%emt 0:09:50]} 11. Bb2 {[%emt 0:02:20]} c5 {[%emt 0:00:34]} 12. c3 {[%emt 0:00:04]} dxc3 {[%emt 0:02:26]} 13. Bxc3 {[%emt 0:00:06]} b6 {[%emt 0:02:45]} 14. Nc4 {[%emt 0:01:42]} Ba6 {[%emt 0:00:56]} 15. Bh3 {[%emt 0:03:42]} Nc6 {[%emt 0:05:26]} 16. Rac1 {[%emt 0:01:00]} Rae8 {[%emt 0:00:54]} 17. a3 {[%emt 0:01:43]} Bxc4 {[%emt 0:17:19]} 18. dxc4 {[%emt 0:01:35]} Nd4 {[%emt 0:00:46]} 19. Qd3 {[%emt 0:01:27]} Re7 {[%emt 0:09:36]} 20. Bb2 {[%emt 0:05:48]} f5 {[%emt 0:02:23]} 21. Bxd4 {[%emt 0:03:09]} cxd4 {[%emt 0:00:33]} 22. b4 {[%emt 0:00:25]} Nf6 {[%emt 0:03:52]} 23. Nd2 {[%emt 0:01:01]} Bh6 {[%emt 0:00:09]} 24. Bg2 {[%emt 0:06:08]} Qd7 {[%emt 0:02:39]} 25. c5 {[%emt 0:01:15]} fxe4 {[%emt 0:00:41]} 26. Nxe4 {[%emt 0:03:45]} Bxc1 {[%emt 0:00:35]} 27. Rxc1 {[%emt 0:00:12]} Nxe4 {[%emt 0:00:37]} 28. Bxe4 {[%emt 0:00:07]} Kg7 {[%emt 0:00:31]} 29. c6 {[%emt 0:00:12]} Qd6 {[%emt 0:00:05]} 30. Kg2 {[%emt 0:03:57]} Ref7 {[%emt 0:00:50]} 31. Rc2 {[%emt 0:00:23]} Re7 {[%emt 0:00:34]} 32. h4 {[%emt 0:00:16]} h5 {[%emt 0:00:26]} 33. f3 {[%emt 0:01:42]} Qf6 {[%emt 0:00:29]} 34. Qd2 {[%emt 0:02:06]} Rc8 {[%emt 0:00:29]} 35. a4 {[%emt 0:00:34]} Rcc7 {[%emt 0:00:38]} 36. b5 {[%emt 0:00:14]} Qd6 {[%emt 0:00:25]} 37. a5 {[%emt 0:00:11]} bxa5 {[%emt 0:00:29]} 38. Qxa5 {[%emt 0:00:08]} Qf6 {[%emt 0:00:03]} 39. Qd2 {[%emt 0:00:31]} Re8 {[%emt 0:00:41]} 40. Rc5 {[%emt 0:00:57]} Rd8 {[%emt 0:00:19]} 41. Bd3 {[%emt 0:00:56]} a6 {[%emt 0:00:58]} 42. Qa5 {[%emt 0:00:54]} Rf7 {[%emt 0:00:30]} 43. Be4 {[%emt 0:00:10]} d3 {[%emt 0:00:32]} 44. c7 {[%emt 0:00:14]} Rd4 {[%emt 0:00:29]} 45. Rc6 {[%emt 0:00:50]} d2 {[%emt 0:00:17]} 46. Rxf6 {[%emt 0:01:11]} d1=Q {[%emt 0:00:28]} 47. Rxg6+ {[%emt 0:00:43]} Kh7 {[%emt 0:00:11]} 48. Rf6+ {[%emt 0:00:21]} Rxe4 {[%emt 0:01:05]} 49. Rxf7+ {[%emt 0:00:09]} Kg6 {[%emt 0:00:12]} 50. fxe4 {[%emt 0:00:06]} Kxf7 {[%emt 0:00:34]} 51. Qa2+ {[%emt 0:00:07]} 1-0

[Event "7th Iberoamerican-ch 2019"]
[Site "Linares"]
[Date "2019.08.16"]
[Round "7.17"]
[White "Vega Gutierrez, Sabrina"]
[Black "Espinosa Aranda, Angel"]
[Result "1/2-1/2"]
[WhiteElo "2385"]
[BlackElo "2497"]
[Annotator "ChessBase"]
[PlyCount "119"]
[EventDate "2019.08.10"]
[EventType "swiss"]
[EventCountry "ESP"]
[SourceTitle "playchess.com"]
[Source "ChessBase"]
[SourceQuality "1"]
[TimeControl "5400+30"]

1. e4 {[%emt 0:00:00]} c5 {[%emt 0:00:00]} 2. Nf3 {[%emt 0:00:00]} d6 {[%emt 0:00:00]} 3. d4 {[%emt 0:00:00]} cxd4 {[%emt 0:00:01]} 4. Nxd4 {[%emt 0:00:00]} Nf6 {[%emt 0:00:07]} 5. Nc3 {[%emt 0:00:06]} Bd7 {[%emt 0:00:03]} 6. Bg5 {[%emt 0:00:46]} e6 {[%emt 0:00:05]} 7. Ndb5 {[%emt 0:00:24]} Bxb5 {[%emt 0:01:53]} 8. Bxb5+ {[%emt 0:00:28]} Nc6 {[%emt 0:00:03]} 9. Qf3 {[%emt 0:14:50]} Be7 {[%emt 0:00:05]} 10. e5 {[%emt 0:10:21]} Nd5 {[%emt 0:00:04]} 11. Bxc6+ {[%emt 0:10:02]} bxc6 {[%emt 0:00:53]} 12. Bxe7 {[%emt 0:00:06]} Qxe7 {[%emt 0:00:08]} 13. exd6 {[%emt 0:00:06]} Qxd6 {[%emt 0:00:04]} 14. O-O {[%emt 0:00:36]} O-O {[%emt 0:06:25]} 15. Ne4 {[%emt 0:03:58]} Qb4 {[%emt 0:05:23]} 16. b3 {[%emt 0:03:10]} f5 {[%emt 0:01:49]} 17. Ng3 {[%emt 0:04:26]} Qf4 {[%emt 0:11:13]} 18. Qxf4 {[%emt 0:04:41]} Nxf4 {[%emt 0:00:13]} 19. Rfd1 {[%emt 0:00:46]} Rfd8 {[%emt 0:03:40]} 20. Kf1 {[%emt 0:00:34]} Kf7 {[%emt 0:02:36]} 21. Ne2 {[%emt 0:00:27]} Nxe2 {[%emt 0:06:57]} 22. Kxe2 {[%emt 0:05:24]} e5 {[%emt 0:00:03]} 23. a4 {[%emt 0:01:27]} a5 {[%emt 0:02:05]} 24. f3 {[%emt 0:13:20]} Ke6 {[%emt 0:05:57]} 25. g4 {[%emt 0:02:07]} Rd5 {[%emt 0:09:17]} 26. gxf5+ {[%emt 0:05:01]} Kxf5 {[%emt 0:00:06]} 27. Rxd5 {[%emt 0:08:46]} cxd5 {[%emt 0:00:06]} 28. c3 {[%emt 0:00:04]} Rb8 {[%emt 0:02:41]} 29. b4 {[%emt 0:05:41]} axb4 {[%emt 0:00:22]} 30. cxb4 {[%emt 0:00:02]} Rxb4 {[%emt 0:00:06]} 31. a5 {[%emt 0:00:08]} Rb2+ {[%emt 0:00:50]} 32. Ke3 {[%emt 0:02:07]} Rb3+ {[%emt 0:01:19]} 33. Ke2 {[%emt 0:00:04]} Rb7 {[%emt 0:08:20]} 34. a6 {[%emt 0:00:02]} Ra7 {[%emt 0:00:05]} 35. Ke3 {[%emt 0:03:54]} g5 {[%emt 0:00:49]} 36. Ra5 {[%emt 0:00:26]} h5 {[%emt 0:00:27]} 37. h3 {[%emt 0:00:49]} d4+ {[%emt 0:01:52]} 38. Kf2 {[%emt 0:00:35]} Kf4 {[%emt 0:02:44]} 39. Ra4 {[%emt 0:00:02]} h4 {[%emt 0:06:19]} 40. Ra5 {[%emt 0:00:25]} g4 {[%emt 0:00:09]} 41. fxg4 {[%emt 0:02:00]} d3 {[%emt 0:00:04]} 42. Ra3 {[%emt 0:02:00]} e4 {[%emt 0:01:01]} 43. Ra4 {[%emt 0:00:03]} d2 {[%emt 0:01:04]} 44. Ke2 {[%emt 0:00:21]} Kg3 {[%emt 0:07:25]} 45. Ra3+ {[%emt 0:00:41]} Kg2 {[%emt 0:00:05]} 46. Kxd2 {[%emt 0:00:14]} Kf2 {[%emt 0:00:32]} 47. g5 {[%emt 0:01:27]} Rd7+ {[%emt 0:03:55]} 48. Kc2 {[%emt 0:00:15]} Rc7+ {[%emt 0:00:04]} 49. Kd2 {[%emt 0:00:29]} Rd7+ {[%emt 0:00:07]} 50. Kc2 {[%emt 0:00:01]} Rc7+ {[%emt 0:00:05]} 51. Kd2 {[%emt 0:01:14]} Rd7+ {[%emt 0:00:06]} 52. Kc2 {[%emt 0:00:04]} Rc7+ {[%emt 0:00:09]} 53. Kb2 {[%emt 0:00:57]} Ra7 {[%emt 0:00:04]} 54. g6 {[%emt 0:00:24]} e3 {[%emt 0:00:03]} 55. g7 {[%emt 0:00:31]} Rxg7 {[%emt 0:00:05]} 56. a7 {[%emt 0:00:08]} Rxa7 {[%emt 0:00:15]} 57. Rxa7 {[%emt 0:00:02]} e2 {[%emt 0:00:06]} 58. Rf7+ {[%emt 0:00:08]} Kg2 {[%emt 0:00:04]} 59. Re7 {[%emt 0:00:22]} Kf2 {[%emt 0:00:04]} 60. Rf7+ {[%emt 0:00:08]} 1/2-1/2